<?xml version="1.0" encoding="UTF-8"?><?xml-stylesheet type="text/xsl" href="static/style.xsl"?><OAI-PMH xmlns="http://www.openarchives.org/OAI/2.0/" xmlns:xsi="http://www.w3.org/2001/XMLSchema-instance" xsi:schemaLocation="http://www.openarchives.org/OAI/2.0/ http://www.openarchives.org/OAI/2.0/OAI-PMH.xsd"><responseDate>2026-05-14T17:16:40Z</responseDate><request verb="GetRecord" identifier="oai:repisalud.isciii.es:20.500.12105/11416" metadataPrefix="marc">https://repisalud.isciii.es/rest/oai/request</request><GetRecord><record><header><identifier>oai:repisalud.isciii.es:20.500.12105/11416</identifier><datestamp>2025-06-09T12:06:25Z</datestamp><setSpec>com_20.500.12105_5696</setSpec><setSpec>com_20.500.12105_5570</setSpec><setSpec>com_20.500.12105_2404</setSpec><setSpec>com_20.500.12105_2403</setSpec><setSpec>col_20.500.12105_5702</setSpec></header><metadata><record xmlns="http://www.loc.gov/MARC21/slim" xmlns:dcterms="http://purl.org/dc/terms/" xmlns:doc="http://www.lyncode.com/xoai" xmlns:xsi="http://www.w3.org/2001/XMLSchema-instance" xsi:schemaLocation="http://www.loc.gov/MARC21/slim http://www.loc.gov/standards/marcxml/schema/MARC21slim.xsd">
   <leader>00925njm 22002777a 4500</leader>
   <datafield ind2=" " ind1=" " tag="042">
      <subfield code="a">dc</subfield>
   </datafield>
   <datafield ind2=" " ind1=" " tag="720">
      <subfield code="a">Gómez-Taleón, María Trinidad</subfield>
      <subfield code="e">author</subfield>
   </datafield>
   <datafield ind2=" " ind1=" " tag="260">
      <subfield code="c">2005-03</subfield>
   </datafield>
   <datafield ind2=" " ind1=" " tag="520">
      <subfield code="a">La importancia del alcohol en el medio laboral es indiscutible ya que el alcohol es la droga más consumida entre los trabajadores. Los problemas detectados más frecuentemente en el trabajo por consumo de alcohol han sido: absentismo, incremento de las bajas laborales, mayor accidentabilidad, disminución del rendimiento, mayor conflictividad, incumplimiento de la jornada laboral, comisión de más errores, aumento de expedientes disciplinarios, aumento de despidos y como consecuencia más paro. Se ha relacionado el tener problemas con el alcohol con el tipo de de trabajo y con el incremento de la oferta/disponibilidad de bebidas alcohólicas. Los costes económicos que producen a las empresas y a los países los consumidores de alcohol son importantes, en España los costes debidos a bajas laborales por consumo de alcohol ascienden a 72.854 millones de €/año.</subfield>
   </datafield>
   <datafield ind1="8" ind2=" " tag="024">
      <subfield code="a">Med Segur Trab 2004; Vol.L Nº 198: 65-72</subfield>
   </datafield>
   <datafield ind1="8" ind2=" " tag="024">
      <subfield code="a">1989-7790</subfield>
   </datafield>
   <datafield ind1="8" ind2=" " tag="024">
      <subfield code="a">0465-546X</subfield>
   </datafield>
   <datafield ind1="8" ind2=" " tag="024">
      <subfield code="a">Medicina y Seguridad del Trabajo</subfield>
   </datafield>
   <datafield ind1="8" ind2=" " tag="024">
      <subfield code="a">http://hdl.handle.net/20.500.12105/11416</subfield>
   </datafield>
   <datafield tag="653" ind2=" " ind1=" ">
      <subfield code="a">Alcohol</subfield>
   </datafield>
   <datafield tag="653" ind2=" " ind1=" ">
      <subfield code="a">Prevención laboral</subfield>
   </datafield>
   <datafield tag="653" ind2=" " ind1=" ">
      <subfield code="a">Problemas relacionados con el alcohol</subfield>
   </datafield>
   <datafield ind2="0" ind1="0" tag="245">
      <subfield code="a">Alcohol y prevención de los problemas relacionados con el consumo de alcohol en el ámbito laboral</subfield>
   </datafield>
</record></metadata></record></GetRecord></OAI-PMH>